Estadísticas para Futbolistas que han debutado en la Selección con Del Bosque

Haz click aquí para intentar la prueba.

Estadísticas generales

  • Esta prueba ha sido intentada 204 veces
  • La puntuación promedio es 25 de 68

Estadísticas de respuestas

EquipoJugador% Correcto
BarcelonaBusquets
78%
BarcelonaPedro
70%
BarcelonaPiqué
70%
ValenciaJordi Alba
66%
AthleticLlorente
65%
MálagaIsco
64%
ValenciaMata
64%
Rayo VallecanoDiego Llorente
63%
AthleticJavi Martínez
62%
Manchester UnitedDe Gea
61%
SevillaJesús Navas
61%
AtléticoKoke
61%
JuventusMorata
60%
BarcelonaVictor Valdés
58%
BarcelonaThiago
55%
Real MadridCarvajal
54%
AthleticMuniain
50%
AtléticoDiego Costa
49%
SwanseaMichu
48%
ChelseaAzpilicueta
45%
NápolesCallejón
45%
ValenciaAduriz
42%
EspanyolAsensio
42%
BarcelonaBojan
39%
EspanyolCasilla
39%
AtléticoJuanfran
39%
ValenciaRodrigo
38%
Real MadridNacho Fernandez
37%
SevillaNegredo
37%
EvertonDeulofeu
36%
Real SociedadIñigo Martinez
36%
BarcelonaMunir
34%
CeltaNolito
34%
BarcelonaBartra
33%
AthleticWilliams
33%
OsasunaMonreal
31%
AthleticSan Jose
31%
Bayern de MunichBernat
30%
VillarrealBruno
30%
BarcelonaSergi Roberto
30%
ArsenalBellerín
28%
BetisBeñat
28%
VillarrealAsenjo
27%
AthleticIturraspe
27%
SevillaAlberto Moreno
26%
ValenciaPaco Alcacer
26%
Real SociedadOyarzabal
25%
VillarrealDiego López
24%
VillarrealMario Gaspar
23%
AthleticSusaeta
23%
AtléticoRaúl García
22%
AtléticoAdrián López
19%
MálagaCamacho
19%
AthleticIraola
19%
BarcelonaTello
19%
SevillaCapel
18%
VillarrealDenis Suarez
18%
SevillaVitolo
17%
GetafeDel Moral
15%
VillarrealBorja Valero
14%
AthleticEtxeita
14%
MálagaFornals
14%
BenficaJavi García
14%
MálagaJuanmi
14%
AtléticoMario Suarez
14%
ValenciaPablo Hernández
13%
AtléticoDomínguez
12%
SevillaAleix Vidal
10%

Distribución de puntuación

Porcentaje por número respondido

Porcentaje de gente con cada puntuación

Historial de tus puntuaciones

No has intentado esta prueba.